[Event "4th Memorial Warakomska-B 2020"]
[Site "Suwalki"]
[Date "2020.08.07"]
[Round "1.1"]
[White "Jasiulewicz, Dawid"]
[Black "Szwaj, Jacek"]
[Result "0-1"]
[WhiteElo "1374"]
[BlackElo "1983"]
[Annotator "TA"]
[PlyCount "64"]
[EventDate "2020.08.06"]
[EventType "swiss"]
[EventCountry "POL"]
[SourceTitle "playchess.com"]
[Source "ChessBase"]
[SourceQuality "1"]

{[%evp 10,64,20,-29,17,0,11,-46,0,-60,-40,-40,-38,-43,-34,-44,-18,-43,-35,-29,30,25,49,24,26,26,27,-29,-26,-27,-28,-47,-49,-69,-70,-56,-46,-67,0,-43,-28,-52,-52,-138,-138,-135,-131,-147,-140,-237,-242,-432,-308,-520,-520,-524,-519]} 1. d4 Nf6 2. c4 d6 3. Nc3 Nbd7 4. Nf3 e5 5. dxe5 dxe5 6. Bg5 c6 {A54: Old Indian Defence with Nf3, but without e4.} 7. Qc2 Bb4 8. e4 ({White should play} 8. a3 $11 Bxc3+ 9. Qxc3) 8... Qa5 {[#] Black is slightly better.} 9. Bd3 $146 (9. Bd2 $11) ({Predecessor:} 9. Bd2 Qc7 10. Be2 O-O 11. O-O Be7 12. h3 Re8 13. a3 Nf8 14. Be3 Ng6 15. Rfd1 {1-0 (43) Al Ghasra,A (2165)-Salov,S (2293) Turin 2006}) 9... O-O 10. O-O Bxc3 11. Qxc3 Qxc3 12. bxc3 Re8 13. Nd2 Nc5 14. Bc2 Nfd7 (14... Ne6 $142 15. Bxf6 gxf6) 15. Be3 $11 Ne6 16. Nb3 b6 17. Rfd1 Kf8 18. Rd6 (18. a4 $142) 18... Ke7 19. Rad1 c5 20. Nc1 Rd8 21. Ba4 Nb8 22. Rxd8 Nxd8 23. Nd3 Nbc6 ({Better is} 23... Bd7 $15 24. Bc2 Nbc6) 24. f4 (24. Nxc5 $5 bxc5 25. Bxc5+ Ke8 26. Rxd8+ {[%mdl 64] Remove Defender} Kxd8 27. Bxc6 $11) 24... Be6 25. Bb3 Nb7 26. f5 (26. Ba4 $15 Rc8 27. Bxc6 (27. fxe5 Nba5 $15) 27... Rxc6 28. f5 (28. Nxe5 Rd6 $17) (28. fxe5 Bxc4 29. Nf4 Na5 $17) 28... Bxc4 29. Nxe5 {[%mdl 64] Double Attack}) 26... Bd7 $17 27. g4 f6 28. h4 Nca5 29. Nb2 (29. Nf2 $17 {is a better defense.}) 29... Bc6 30. Rd5 $2 {[#]} (30. Bc2) 30... Nd6 31. Ba4 $2 (31. Rd2 {was called for.}) 31... Bxd5 $19 32. cxd5 Nxe4 {Accuracy: White = 44%, Black = 81%.} 0-1

[Event "4th Memorial Warakomska-B 2020"]
[Site "Suwalki"]
[Date "2020.08.07"]
[Round "1.2"]
[White "Kiolbasa, Damian"]
[Black "Wydornik, Robert"]
[Result "1-0"]
[WhiteElo "1973"]
[BlackElo "1361"]
[Annotator "TA"]
[PlyCount "81"]
[EventDate "2020.08.06"]
[EventType "swiss"]
[EventCountry "POL"]
[SourceTitle "playchess.com"]
[Source "ChessBase"]
[SourceQuality "1"]

{[%evp 10,81,28,30,25,4,32,16,19,0,0,0,31,30,58,47,61,57,128,118,129,34,38,52,70,72,70,82,254,-16,12,12,56,50,52,32,97,100,107,103,160,156,161,170,242,238,235,227,247,222,412,406,591,583,565,529,545,537,794,782,774,765,723,689,639,556,5197,5193,5089,2005,12840,6164,5177,5181]} 1. e4 e5 2. Nc3 Nf6 3. Bc4 d6 4. d3 Nc6 5. f4 exf4 6. Bxf4 Na5 {C28: Vienna Game: 2...Nf6 3 Bc4 Nc6.} 7. Bb3 (7. Qe2 {is more complex.} Be7 8. O-O-O O-O 9. Nf3 Nd7 10. Nd5) 7... Nxb3 (7... c6 {keeps more tension.} 8. Nf3 Be7 9. O-O O-O 10. Qe1 d5) 8. axb3 Be7 {The position is equal.} 9. Nge2 O-O 10. O-O Nh5 11. Be3 $36 {[%mdl 2048] [#] White has the initiative.} Bg5 $146 ({Predecessor:} 11... a6 12. Nd4 Nf6 13. Nf5 Be6 14. Qf3 Ne8 15. Nxe7+ Qxe7 16. Ra5 f6 17. Nd5 Qf7 {½-½ (27) Buch,T-Goar,W Worms 1992}) 12. Qd2 ({Don't go for} 12. Bxa7 $2 Rxa7 $1 {[%mdl 512]} 13. Rxa7 Be3+ 14. Kh1 Bxa7 $19) 12... h6 13. Bxg5 Qxg5 (13... hxg5 $14 14. Ra5 f6) 14. Qxg5 $16 hxg5 15. Nb5 ({White should try} 15. b4 $16) 15... Bd7 $1 $14 {[%cal Rd7b5]} 16. Nxc7 Rac8 17. Nd5 {Threatens to win with Ne7+.} Rxc2 18. Nd4 Rd2 $2 (18... Rxb2 $16 19. Rxa7 Rb8) 19. Rfd1 $2 ({Weaker is} 19. Rxa7 Rb8 $14) (19. Ne7+ $1 $18 Kh8 20. Ng6+ $1 {[%mdl 576] Double Attack, Pin} (20. Rxa7 Nf4 $14) 20... Kg8 21. Nxf8 Kxf8 22. Rxa7) 19... Rxd1+ (19... Rxb2 {with more complications.} 20. Rxa7 Be6 21. Rf1 Bxd5 22. exd5 Rd2) 20. Rxd1 Nf4 21. Nxf4 $1 gxf4 {[%mdl 4096] Endgame KRB-KRN} 22. Rc1 Rc8 ({Black should play} 22... d5 $14) 23. Rxc8+ $16 {White now steadily converts the win.} Bxc8 {KB-KN} 24. Nb5 Be6 (24... d5 $142) 25. Nxd6 Bxb3 26. Nxb7 Bc2 (26... Kf8 $142 27. d4 Ke7) 27. Nc5 $18 Kf8 28. Kf2 Ke7 29. e5 f6 $2 (29... Bd1 {was worth a try.} 30. g3 fxg3+ 31. Kxg3 (31. hxg3 Bh5 $16) 31... g5) 30. exf6+ Kxf6 (30... gxf6 $142 31. Kf3 Kd6) 31. Ke2 {White is clearly winning.} Ke5 32. Kd2 Bb1 {[#]} 33. Kc3 $1 Kd5 34. Ne4 Ke5 35. b3 Kd5 36. Nd2 Ba2 37. Kc2 Kd4 38. Nf3+ Ke3 {[#]} 39. d4 $1 {[%cal Rd4d5]} Kf2 40. d5 Kxg2 41. Nd2 {Accuracy: White = 85%, Black = 36%.} 1-0

[Event "4th Memorial Warakomska-B 2020"]
[Site "Suwalki"]
[Date "2020.08.07"]
[Round "1.3"]
[White "Cwiek, Stefan"]
[Black "Ryszkiewicz, Adam"]
[Result "0-1"]
[WhiteElo "1349"]
[BlackElo "1941"]
[Annotator "TA"]
[PlyCount "68"]
[EventDate "2020.08.06"]
[EventType "swiss"]
[EventCountry "POL"]
[SourceTitle "playchess.com"]
[Source "ChessBase"]
[SourceQuality "1"]

{[%evp 14,67,40,42,60,47,60,47,73,66,91,83,81,84,75,45,56,17,46,2,73,4,11,9,16,16,27,0,28,8,12,-27,18,0,0,-49,-34,-98,-109,-256,0,-729,-697,-994,-854,-1512,-1480,-1429,-1151,-29983,-29984,-29983,-29984,-29998,-29999,-29999]} 1. e4 e5 2. Nf3 Nc6 3. Bc4 Nf6 4. Ng5 d5 5. exd5 Na5 6. Bb5+ c6 7. dxc6 bxc6 8. Bd3 Bc5 {C58: Two Knights: 4 Ng5 d5 5 exd5 Na5 sidelines.} 9. O-O O-O 10. Nc3 h6 {White is slightly better.} 11. Nge4 Nxe4 12. Nxe4 Bb6 13. b4 Nb7 {[#]} 14. a4 $146 ({Predecessor:} 14. Bb2 Bd4 15. c3 Bb6 16. Bc4 Qh4 17. Re1 Bg4 18. Qb3 Rad8 19. a4 Nd6 20. d4 exd4 21. Nxd6 Rxd6 22. cxd4 {½-½ (54) Gunina,V (2510)-Batsiashvili,N (2502) Riadh 2017}) 14... f5 15. Bc4+ Kh8 16. Nc3 Qd4 (16... Nd6 $11 17. Bb3 f4) 17. Ba6 (17. a5 $16) 17... Nd6 $11 18. Bxc8 Raxc8 19. Rb1 f4 20. a5 Bc7 (20... f3 $5 21. gxf3 (21. axb6 $2 Qg4 $19) 21... Bc7 $11) 21. Ne2 Qd5 22. f3 Rb8 23. d3 Rfd8 24. Ba3 Nf5 {[%mdl 1024] Black has compensation.} 25. Qd2 (25. Qc1 $15) 25... Ne3 $17 26. Rfc1 {[#]} (26. Ra1 $17) 26... Rd6 $2 ({Black should play} 26... e4 $1 $19 {[%cal Re4f3][%mdl 512]} 27. Nc3 (27. dxe4 Qxd2) 27... Qd4) 27. Kf2 $2 {[%mdl 8192]} (27. Kh1 $11) 27... Rg6 $19 28. g4 {[#]} e4 $1 {[%mdl 512]} 29. fxe4 (29. dxe4 Qxd2) 29... Nxg4+ 30. Ke1 Qg5 31. Nd4 Qh4+ {[%mdl 64] Double Attack. Black mates.} 32. Kd1 Ne3+ 33. Ke2 Rg2+ 34. Kf3 Qg4# {Accuracy: White = 33%, Black = 69%.} 0-1

[Event "4th Memorial Warakomska-B 2020"]
[Site "Suwalki"]
[Date "2020.08.07"]
[Round "1.4"]
[White "Sapeta, Robert"]
[Black "Borowik, Monika"]
[Result "1-0"]
[WhiteElo "1895"]
[BlackElo "1286"]
[Annotator "NA RC"]
[PlyCount "55"]
[EventDate "2020.08.06"]
[EventType "swiss"]
[EventCountry "POL"]
[SourceTitle "playchess.com"]
[Source "ChessBase"]
[SourceQuality "1"]
[TimeControl "40/5400+30:1800+30"]

1. d4 {[%emt 0:00:00]} Nf6 {[%emt 0:00:00]} 2. Nc3 {[%emt 0:00:00]} g6 {[%emt 0:01:51]} 3. e4 {[%emt 0:00:00]} d6 {[%emt 0:01:22]} 4. Be2 {[%emt 0:00:27]} Bg7 {[%emt 0:02:35]} 5. g4 {[%emt 0:01:09]} Nbd7 {[%emt 0:06:04]} 6. f4 {[%emt 0:01:11]} b6 {[%emt 0:07:35]} 7. e5 {[%emt 0:07:42]} Ng8 {[%emt 0:06:07]} 8. Bf3 {[%emt 0:09:49]} Rb8 {[%emt 0:06:06]} 9. Ne4 {[%emt 0:16:38]} d5 {[%emt 0:06:34]} 10. Ng3 {[%emt 0:04:09]} e6 {[%emt 0:06:15]} 11. h4 {[%emt 0:00:20]} f5 {[%emt 0:06:12]} 12. gxf5 {[%emt 0:02:32]} exf5 {[%emt 0:09:03]} 13. Bxd5 {[%emt 0:03:13]} Ne7 {[%emt 0:03:51]} 14. Bf3 {[%emt 0:01:52]} Bb7 {[%emt 0:04:07]} 15. h5 {[%emt 0:05:16]} Bxf3 {[%emt 0:02:58]} 16. Nxf3 {[%emt 0:00:28]} Bh6 {[%emt 0:06:15]} 17. hxg6 {[%emt 0:18:36]} hxg6 {[%emt 0:01:49]} 18. c4 {[%emt 0:01:18]} b5 {[%emt 0:04:14]} 19. b3 {[%emt 0:01:17]} Nb6 {[%emt 0:04:06]} 20. Qd3 {[%emt 0:01:20]} bxc4 {[%emt 0:02:07]} 21. bxc4 {[%emt 0:00:13]} Nc6 {[%emt 0:02:32]} 22. Ba3 {[%emt 0:05:18]} Kd7 {[%emt 0:03:47]} 23. d5 {[%emt 0:02:08]} Kc8 {[%emt 0:01:13]} 24. Ke2 {[%emt 0:08:31]} Na5 {[%emt 0:01:51]} 25. Nd2 {[%emt 0:02:23]} Bxf4 {[%emt 0:01:26]} 26. Nxf5 {[%emt 0:00:43]} Bxe5 {[%emt 0:02:18]} 27. Ne7+ {[%emt 0:00:35]} Kb7 {[%emt 0:00:37]} 28. Rab1 1-0

[Event "4th Memorial Warakomska-B 2020"]
[Site "Suwalki"]
[Date "2020.08.07"]
[Round "1.5"]
[White "Szewczyk, Malwina"]
[Black "Rak, Tomasz"]
[Result "1-0"]
[WhiteElo "1323"]
[BlackElo "1879"]
[Annotator "NA RC"]
[PlyCount "111"]
[EventDate "2020.08.06"]
[EventType "swiss"]
[EventCountry "POL"]
[SourceTitle "playchess.com"]
[Source "ChessBase"]
[SourceQuality "1"]
[TimeControl "40/5400+30:1800+30"]

1. d4 {[%emt 0:00:00]} Nf6 {[%emt 0:00:00]} 2. e3 {[%emt 0:00:00]} d6 {[%emt 0:00:07]} 3. Bd3 {[%emt 0:00:37]} e5 {[%emt 0:01:57]} 4. Nd2 {[%emt 0:03:05]} Qe7 {[%emt 0:05:15]} 5. dxe5 {[%emt 0:06:52]} dxe5 {[%emt 0:00:08]} 6. e4 {[%emt 0:03:22]} Be6 {[%emt 0:08:14]} 7. Ngf3 {[%emt 0:00:34]} Nbd7 {[%emt 0:02:41]} 8. b3 {[%emt 0:04:17]} O-O-O {[%emt 0:01:29]} 9. Bb2 {[%emt 0:00:41]} Nc5 {[%emt 0:04:31]} 10. Nxe5 {[%emt 0:01:52]} Nfxe4 {[%emt 0:02:07]} 11. Nxe4 {[%emt 0:00:43]} Nxe4 {[%emt 0:00:08]} 12. O-O {[%emt 0:01:58]} f6 {[%emt 0:01:51]} 13. Qe2 {[%emt 0:03:12]} Nc5 {[%emt 0:01:22]} 14. Nc4 {[%emt 0:00:31]} Nxd3 {[%emt 0:01:28]} 15. cxd3 {[%emt 0:00:14]} Qd7 {[%emt 0:03:21]} 16. d4 {[%emt 0:00:59]} Kb8 {[%emt 0:03:02]} 17. a3 {[%emt 0:02:48]} Bd5 {[%emt 0:02:22]} 18. Rfe1 {[%emt 0:00:38]} h5 {[%emt 0:01:46]} 19. Rac1 {[%emt 0:03:10]} h4 {[%emt 0:01:28]} 20. h3 {[%emt 0:00:22]} Rh6 {[%emt 0:01:19]} 21. Ne3 {[%emt 0:02:08]} Bxb3 {[%emt 0:04:17]} 22. Ng4 {[%emt 0:00:48]} Rh8 {[%emt 0:01:12]} 23. Rc3 {[%emt 0:02:18]} Bf7 {[%emt 0:01:19]} 24. Re3 {[%emt 0:01:38]} Bd6 {[%emt 0:01:17]} 25. Qc2 {[%emt 0:02:58]} Rde8 {[%emt 0:02:45]} 26. Rxe8+ {[%emt 0:05:49]} Rxe8 {[%emt 0:00:06]} 27. Rxe8+ {[%emt 0:00:18]} Qxe8 {[%emt 0:00:05]} 28. Ne3 {[%emt 0:00:17]} g6 {[%emt 0:02:26]} 29. d5 {[%emt 0:00:28]} f5 {[%emt 0:00:41]} 30. Qd1 {[%emt 0:01:49]} Qe4 {[%emt 0:00:58]} 31. Bc1 {[%emt 0:00:35]} f4 {[%emt 0:02:02]} 32. f3 {[%emt 0:00:25]} Qb1 {[%emt 0:04:34]} 33. Nc4 {[%emt 0:01:04]} Bc5+ {[%emt 0:00:59]} 34. Kh2 {[%emt 0:00:19]} Qf5 {[%emt 0:07:15]} 35. d6 {[%emt 0:02:54]} Be6 {[%emt 0:01:08]} 36. Bb2 {[%emt 0:04:37]} Qg5 {[%emt 0:10:35]} 37. d7 {[%emt 0:04:48]} Bxd7 {[%emt 0:01:33]} 38. Bf6 {[%emt 0:02:32]} Qg3+ {[%emt 0:05:29]} 39. Kh1 {[%emt 0:00:07]} Bxh3 {[%emt 0:01:00]} 40. Qd8+ {[%emt 0:00:00]} Bc8 {[%emt 0:00:00]} 41. Bxh4 {[%emt 0:02:09]} b5 {[%emt 0:03:02]} 42. Bxg3 {[%emt 0:03:13]} fxg3 {[%emt 0:00:34]} 43. Ne5 {[%emt 0:01:11]} Bf2 {[%emt 0:02:50]} 44. Nxg6 {[%emt 0:01:52]} Kb7 {[%emt 0:00:39]} 45. Qd5+ {[%emt 0:00:38]} c6 {[%emt 0:01:20]} 46. Qf7+ {[%emt 0:01:06]} Kb6 {[%emt 0:00:34]} 47. Ne7 {[%emt 0:01:10]} Bb7 {[%emt 0:00:40]} 48. Qe6 {[%emt 0:01:06]} a5 {[%emt 0:01:07]} 49. Nd5+ {[%emt 0:01:00]} Ka7 {[%emt 0:03:01]} 50. Ne7 {[%emt 0:02:21]} Kb6 {[%emt 0:00:34]} 51. f4 {[%emt 0:00:50]} Bc5 {[%emt 0:03:01]} 52. Qe5 {[%emt 0:04:29]} Bxa3 {[%emt 0:00:40]} 53. f5 {[%emt 0:01:18]} Bc1 {[%emt 0:04:18]} 54. f6 {[%emt 0:00:50]} a4 {[%emt 0:01:22]} 55. f7 {[%emt 0:00:44]} Bh6 {[%emt 0:00:35]} 56. Qh8 {[%emt 0:02:08]} 1-0

[Event "4th Memorial Warakomska-B 2020"]
[Site "Suwalki"]
[Date "2020.08.07"]
[Round "1.6"]
[White "Obolonin, Filipp"]
[Black "Wysocka, Edyta"]
[Result "1-0"]
[WhiteElo "1922"]
[BlackElo "1327"]
[Annotator "TA"]
[PlyCount "83"]
[EventDate "2020.08.06"]
[EventType "swiss"]
[EventCountry "POL"]
[SourceTitle "playchess.com"]
[Source "ChessBase"]
[SourceQuality "1"]

{[%evp 18,82,79,58,81,43,51,75,69,62,98,62,87,84,111,93,106,91,86,98,97,88,94,95,112,74,66,82,78,43,49,14,17,16,9,9,11,9,5,-16,0,0,0,0,0,0,0,0,0,0,165,81,87,85,81,87,176,215,238,231,399,332,29986,541,29993,29994,29999]} 1. d4 d5 2. Nf3 e6 3. g3 Nf6 4. Bg2 Be7 5. O-O O-O 6. c4 c6 7. Nc3 Nbd7 8. Qc2 Re8 9. Rd1 Nf8 10. b3 Ng6 {E08: Closed Catalan: Main Line: 7 Qc2.} 11. Bg5 Nd7 {[#]} 12. Bxe7 $146 ({Predecessor:} 12. h4 Bxg5 13. Nxg5 h6 14. Nf3 Nf6 15. e4 Nxe4 16. Nxe4 dxe4 17. Qxe4 Qe7 18. Ne5 Nxe5 19. dxe5 {1-0 (51) Damljanovic,B (2611)-Prijovic,B (1957) Paracin 2011}) 12... Qxe7 {White is better.} 13. e4 {[%cal Re4d5]} Nf6 14. Re1 Qd8 15. Rad1 Bd7 16. Ne5 Ne7 17. Nxd7 Qxd7 18. e5 Ng4 19. h3 Nh6 20. g4 Rf8 21. Ne2 Kh8 22. f4 Nhg8 23. Ng3 f6 24. f5 exf5 25. e6 Qd6 26. Nxf5 Nxf5 27. gxf5 {Black should prevent cxd5.} Ne7 28. Rf1 g6 29. fxg6 Nxg6 30. cxd5 cxd5 31. Rde1 $36 {[%mdl 2048] White has some pressure.} Rae8 32. Qf5 Ne7 33. Qh5 Nc6 $2 (33... Qb4 $11 {and Black is okay.}) 34. Rxf6 (34. Qxd5 $18 {and White stays clearly on top.} Qxd5 35. Bxd5) 34... Rxf6 $16 35. Qxe8+ Rf8 36. Qh5 $1 {[%cal Rh5d5]} Qf4 (36... Qg3 $16 {might work better.} 37. Qe2 Nxd4 38. Qe5+ Qxe5 39. Rxe5 b6) 37. Kh1 $18 Qg3 {[#]} 38. Rg1 $1 {Be4! is the strong threat.} Qd6 $2 (38... Qe3 39. Qxd5 (39. Bxd5 Qxd4 40. a3 Rd8 $18) 39... Rg8) 39. Bxd5 {White wants to mate with Be4.} Nxd4 $2 (39... Qf4 $18 40. Qg4 Qxg4 41. Rxg4 h5) 40. Be4 (40. e7 $142 Qxe7 41. Qg4 h6 42. Qxd4+ {[%mdl 64] Double Attack} Qf6 {[#]} 43. Rg8+ $1 {[%mdl 512]} Kh7 44. Qg1 Qg5 45. Rxg5) 40... Qc7 {[#]} 41. Bxh7 $1 {[%mdl 512]} Qc6+ (41... Qxh7 42. Qe5+) 42. Be4# $1 {Accuracy: White = 67%, Black = 60%.} 1-0

[Event "4th Memorial Warakomska-B 2020"]
[Site "Suwalki"]
[Date "2020.08.07"]
[Round "1.7"]
[White "Pietryk, Joanna"]
[Black "Widelski, Kacper"]
[Result "0-1"]
[WhiteElo "1329"]
[BlackElo "1879"]
[Annotator "NA RC"]
[PlyCount "80"]
[EventDate "2020.08.06"]
[EventType "swiss"]
[EventCountry "POL"]
[SourceTitle "playchess.com"]
[Source "ChessBase"]
[SourceQuality "1"]
[TimeControl "40/5400+30:1800+30"]

1. e4 {[%emt 0:00:00]} c5 {[%emt 0:00:16]} 2. Nf3 {[%emt 0:00:00]} g6 {[%emt 0:00:59]} 3. d4 {[%emt 0:01:02]} cxd4 {[%emt 0:00:14]} 4. Nxd4 {[%emt 0:00:18]} Bg7 {[%emt 0:00:10]} 5. c4 {[%emt 0:01:47]} Nc6 {[%emt 0:00:11]} 6. Be3 {[%emt 0:01:48]} Nf6 {[%emt 0:00:11]} 7. Nc3 {[%emt 0:00:25]} Ng4 {[%emt 0:00:19]} 8. Qxg4 {[%emt 0:01:29]} Nxd4 {[%emt 0:00:15]} 9. Qd1 {[%emt 0:02:07]} Ne6 {[%emt 0:00:07]} 10. Be2 {[%emt 0:08:14]} Qa5 {[%emt 0:01:48]} 11. Qd2 {[%emt 0:05:24]} b6 {[%emt 0:04:54]} 12. O-O {[%emt 0:03:00]} Bb7 {[%emt 0:02:17]} 13. Bf3 {[%emt 0:05:47]} Rc8 {[%emt 0:12:15]} 14. Qd3 {[%emt 0:06:26]} Bxc3 {[%emt 0:08:15]} 15. bxc3 {[%emt 0:03:09]} Ba6 {[%emt 0:00:58]} 16. Rfd1 {[%emt 0:05:14]} d6 {[%emt 0:04:39]} 17. Bd4 {[%emt 0:13:19]} Bxc4 {[%emt 0:02:45]} 18. Qd2 {[%emt 0:01:23]} Nxd4 {[%emt 0:02:01]} 19. Qxd4 {[%emt 0:03:16]} O-O {[%emt 0:05:11]} 20. Bg4 {[%emt 0:05:19]} Rc7 {[%emt 0:01:08]} 21. Kh1 {[%emt 0:04:06]} Ba6 {[%emt 0:02:34]} 22. Rdc1 {[%emt 0:01:02]} h5 {[%emt 0:00:59]} 23. Bh3 {[%emt 0:01:33]} Bc8 {[%emt 0:00:07]} 24. Rc2 {[%emt 0:04:26]} Bxh3 {[%emt 0:00:16]} 25. gxh3 {[%emt 0:00:17]} Rfc8 {[%emt 0:00:10]} 26. Rac1 {[%emt 0:00:27]} Rc4 {[%emt 0:00:49]} 27. Qe3 {[%emt 0:02:53]} Qe5 {[%emt 0:00:04]} 28. f3 {[%emt 0:00:37]} d5 {[%emt 0:00:09]} 29. Qd3 {[%emt 0:04:47]} dxe4 {[%emt 0:01:01]} 30. fxe4 {[%emt 0:00:11]} Qxe4+ {[%emt 0:01:16]} 31. Qxe4 {[%emt 0:00:12]} Rxe4 {[%emt 0:00:04]} 32. c4 {[%emt 0:01:16]} Rc5 {[%emt 0:00:07]} 33. Kg2 {[%emt 0:00:27]} f5 {[%emt 0:00:35]} 34. Kf3 {[%emt 0:00:24]} Kf7 {[%emt 0:00:05]} 35. a4 {[%emt 0:01:20]} Kf6 {[%emt 0:00:19]} 36. Rc3 {[%emt 0:01:16]} Rd4 {[%emt 0:00:20]} 37. Ke3 {[%emt 0:01:00]} e5 {[%emt 0:00:08]} 38. Kf3 {[%emt 0:00:13]} e4+ {[%emt 0:00:16]} 39. Kf4 {[%emt 0:00:21]} g5+ {[%emt 0:00:35]} 40. Ke3 {[%emt 0:00:00]} Ke5 {[%emt 0:00:00]} 0-1

[Event "4th Memorial Warakomska-B 2020"]
[Site "Suwalki"]
[Date "2020.08.07"]
[Round "1.8"]
[White "Cwiek, Ryszard"]
[Black "Gladyszewska, Kinga"]
[Result "1-0"]
[WhiteElo "1867"]
[BlackElo "1312"]
[Annotator "NA RC"]
[PlyCount "85"]
[EventDate "2020.08.06"]
[EventType "swiss"]
[EventCountry "POL"]
[SourceTitle "playchess.com"]
[Source "ChessBase"]
[SourceQuality "1"]
[TimeControl "40/5400+30:1800+30"]

1. e4 {[%emt 0:00:00]} e5 {[%emt 0:00:00]} 2. Nf3 {[%emt 0:00:00]} Nc6 {[%emt 0:00:00]} 3. Nc3 {[%emt 0:00:00]} Nf6 {[%emt 0:00:13]} 4. d4 {[%emt 0:00:00]} exd4 {[%emt 0:00:06]} 5. Nxd4 {[%emt 0:00:02]} Bc5 {[%emt 0:01:01]} 6. Be3 {[%emt 0:00:06]} Nxd4 {[%emt 0:01:30]} 7. Bxd4 {[%emt 0:00:07]} Bxd4 {[%emt 0:01:47]} 8. Qxd4 {[%emt 0:00:11]} d6 {[%emt 0:01:24]} 9. O-O-O {[%emt 0:22:27]} Qe7 {[%emt 0:10:41]} 10. Bb5+ {[%emt 0:00:59]} Bd7 11. Bxd7+ {[%emt 0:00:13]} Qxd7 {[%emt 0:02:21]} 12. e5 dxe5 {[%emt 0:07:56]} 13. Qxe5+ {[%emt 0:00:39]} Qe7 {[%emt 0:09:30]} 14. Rhe1 {[%emt 0:26:25]} Qxe5 {[%emt 0:00:23]} 15. Rxe5+ {[%emt 0:00:01]} Kf8 {[%emt 0:00:15]} 16. Ne4 {[%emt 0:07:42]} Nxe4 {[%emt 0:11:19]} 17. Rxe4 {[%emt 0:00:05]} Re8 {[%emt 0:00:34]} 18. Red4 {[%emt 0:00:08]} g6 {[%emt 0:00:44]} 19. Rd7 {[%emt 0:02:23]} Rc8 {[%emt 0:01:14]} 20. Re1 {[%emt 0:00:16]} Kg7 {[%emt 0:07:15]} 21. Ree7 {[%emt 0:00:15]} Rhf8 {[%emt 0:01:11]} 22. Rxc7 {[%emt 0:00:13]} Rxc7 {[%emt 0:00:06]} 23. Rxc7 {[%emt 0:00:07]} Rb8 {[%emt 0:00:04]} 24. Rc3 {[%emt 0:02:04]} a6 {[%emt 0:00:46]} 25. a4 {[%emt 0:01:52]} Re8 {[%emt 0:00:26]} 26. Re3 {[%emt 0:00:46]} Rd8 {[%emt 0:11:21]} 27. Rd3 {[%emt 0:00:10]} Re8 {[%emt 0:01:15]} 28. Kd2 {[%emt 0:00:05]} Re4 {[%emt 0:00:49]} 29. b3 {[%emt 0:00:33]} Kf6 {[%emt 0:05:01]} 30. f3 {[%emt 0:04:36]} Re6 {[%emt 0:01:21]} 31. a5 {[%emt 0:04:38]} Re7 {[%emt 0:02:05]} 32. c4 {[%emt 0:00:51]} Rc7 {[%emt 0:00:25]} 33. Re3 {[%emt 0:01:00]} Rc5 {[%emt 0:00:40]} 34. Kc3 {[%emt 0:08:16]} Rxa5 {[%emt 0:00:49]} 35. Kb4 {[%emt 0:00:33]} b6 {[%emt 0:10:23]} 36. Re2 {[%emt 0:02:43]} Rc5 {[%emt 0:04:54]} 37. Re8 {[%emt 0:01:07]} a5+ {[%emt 0:02:56]} 38. Ka4 {[%emt 0:00:17]} h5 {[%emt 0:04:55]} 39. Rb8 {[%emt 0:00:13]} Ke7 {[%emt 0:01:11]} 40. Rxb6 {[%emt 0:00:00]} Kd7 {[%emt 0:00:00]} 41. Rb5 {[%emt 0:01:01]} Kc6 {[%emt 0:00:49]} 42. Rxc5+ {[%emt 0:00:18]} Kxc5 {[%emt 0:00:11]} 43. Kxa5 {[%emt 0:00:02]} 1-0